| 000 | 00457nam a22001577a 4500 | ||
|---|---|---|---|
| 008 | 230426b ||||| |||| 00| 0 eng d | ||
| 020 | _a9780521412773 | ||
| 050 |
_aQP310 _b.G34 1991 |
||
| 100 | _aGage, James R | ||
| 245 | _aGait analysis in cerebral palsy | ||
| 260 |
_aOxford : _b MacKeith Press, _c1991 |
||
| 300 |
_axv, 206 p. : _bill. ; _c25 cm |
||
| 650 |
_aCerebral Palsy _vdiagnosis |
||
| 650 |
_aGait _vin infancy & childhood |
||
| 942 |
_2lcc _cBK |
||
| 999 |
_c58659 _d58659 |
||